| 000 | 00726nam a22002057a 4500 | ||
|---|---|---|---|
| 003 | OSt | ||
| 005 | 20260113052505.0 | ||
| 008 | 260113b |||||||| |||| 00| 0 eng d | ||
| 020 | _a0-8016-7853-6. | ||
| 040 |
_aDWCL-Main lib _cOC |
||
| 082 | _aCirc. 616.01 D362i 1997 | ||
| 100 | _aDelost, Maria Dannesa | ||
| 245 |
_aIntroduction to diagnostic microbiology _ba text and workbook _cDelost, Maria Dannesa |
||
| 260 |
_aSt. Louis : _bMosby, Inc., _cc1997. |
||
| 300 |
_axvi, 552 pages : _bcolored illustration ; _c27 cm. |
||
| 504 | _aIncludes bibliographical references and index. | ||
| 650 | _21. Diagnostic microbiology-Problems, exercises, etc. | ||
| 650 | _22. Diagnostic microbiology. | ||
| 942 |
_2ddc _cBK-CIRC _kCirc. _n0 |
||
| 999 |
_c7321 _d7321 |
||